[Event "O pohar mesta Klatov C - memorial Jarom"]
[Site "Klatovy, Czech Republic"]
[Date "2025.06.30"]
[Round "3.15"]
[White "Burianek, Petr"]
[Black "Cecil, Pavel"]
[Result "1-0"]
[WhiteElo "1901"]
[BlackElo "1820"]
[PlyCount "73"]
[EventDate "2025.??.??"]

1. e4 e6 2. d4 d5 3. Nd2 Nf6 4. Bd3 dxe4 5. Nxe4 Nbd7 6. Nf3 Be7 7. O-O O-O 8.
c3 Nxe4 9. Bxe4 Nf6 10. Bd3 b6 11. Qe2 Bb7 12. Bf4 Rc8 13. Rfe1 c5 14. Ba6 Bxa6
15. Qxa6 Bd6 16. Bg5 Bb8 17. Rad1 Qc7 18. Qe2 Nd5 19. g3 h6 20. c4 hxg5 21.
cxd5 g4 22. Ne5 cxd4 23. dxe6 f5 24. Nd7 Rfe8 25. Nxb8 Qxb8 26. Rxd4 Re7 27.
Qd2 Rf8 28. Rd6 Qe8 29. Qd5 g6 30. Qd2 Kg7 31. Re3 Qc8 32. Rc3 Qe8 33. Rcc6 Kh7
34. Rd7 Kg8 35. Rcc7 Rxd7 36. exd7 Qe7 37. Rxa7 1-0

[Event "O pohar mesta Klatov C - memorial Jarom"]
[Site "Klatovy, Czech Republic"]
[Date "2025.06.30"]
[Round "3.16"]
[White "Kovar, Petr"]
[Black "Macoun, Jiri"]
[Result "1-0"]
[WhiteElo "1887"]
[BlackElo "1747"]
[PlyCount "59"]
[EventDate "2025.??.??"]

1. c4 e5 2. Nc3 Nf6 3. g3 Bc5 4. Bg2 d6 5. e3 h6 6. Nge2 c6 7. O-O a6 8. d4
exd4 9. Nxd4 O-O 10. b3 Re8 11. Bb2 Nbd7 12. Na4 Ba7 13. Nf5 Re6 14. Nxd6 Qc7
15. Nxc8 Rxc8 16. Bh3 Rd6 17. Qc2 Re8 18. Ba3 c5 19. Rad1 Ne5 20. Rxd6 Qxd6 21.
Rd1 Nf3+ 22. Kh1 Qc7 23. Nc3 Bb8 24. Bg2 Ng5 25. Nd5 Nxd5 26. Rxd5 b6 27. Bb2
f6 28. Qd3 Nf7 29. Rd7 Ne5 30. Qd5+ 1-0

[Event "O pohar mesta Klatov C - memorial Jarom"]
[Site "Klatovy, Czech Republic"]
[Date "2025.06.30"]
[Round "3.17"]
[White "Novy, Jaroslav"]
[Black "Novotny, Jaroslav"]
[Result "0-1"]
[WhiteElo "1744"]
[BlackElo "1946"]
[PlyCount "118"]
[EventDate "2025.??.??"]

1. e4 c5 2. c3 d5 3. exd5 Qxd5 4. d4 cxd4 5. cxd4 e6 6. Nf3 Nf6 7. Nc3 Bb4 8.
Bd2 Bxc3 9. Bxc3 O-O 10. Be2 Bd7 11. O-O Bb5 12. Re1 Rd8 13. Bxb5 Qxb5 14. a4
Qd7 15. Qb3 Qd5 16. Qxd5 Rxd5 17. Ne5 Na6 18. Rac1 Rad8 19. Nf3 Nb8 20. Re5 Nc6
21. Rxd5 Nxd5 22. g3 f6 23. Kf1 Kf7 24. h4 h5 25. Ke2 Rd7 26. Rd1 a5 27. Rd2
Kg6 28. Ne1 Kf5 29. f3 Nb6 30. Nc2 Nxa4 31. Ne3+ Kg6 32. d5 Nxc3+ 33. bxc3 exd5
34. Nxd5 Kf7 35. c4 Ne7 36. Rb2 Nxd5 37. cxd5 a4 38. Rb4 a3 39. Ra4 Rxd5 40.
Rxa3 Ke6 41. Rb3 b5 42. Ke3 Kd6 43. g4 g6 44. Ke4 Rc5 45. Rb4 Kc6 46. Kd4 hxg4
47. fxg4 Rd5+ 48. Ke4 f5+ 49. gxf5 Rxf5 50. Ke3 Rd5 51. Rg4 Rd6 52. Ke4 Kc5 53.
Ke5 Rb6 54. Ke4 Kc4 55. Ke3+ Kc3 56. Ke2 Rd6 57. Rg3+ Kc2 58. Rg4 Re6+ 59. Kf3
Kc3 0-1

[Event "O pohar mesta Klatov C - memorial Jarom"]
[Site "Klatovy, Czech Republic"]
[Date "2025.06.30"]
[Round "3.18"]
[White "Stanke, Vilem"]
[Black "Provaznik, Jan"]
[Result "0-1"]
[WhiteElo "1540"]
[BlackElo "1846"]
[PlyCount "51"]
[EventDate "2025.??.??"]

1. e4 e5 2. Nf3 d6 3. Bc4 Be7 4. d4 exd4 5. Qxd4 Nf6 6. Nc3 O-O 7. O-O Nc6 8.
Qd1 Bg4 9. a3 Ne5 10. Be2 Ng6 11. Nd4 Bd7 12. Be3 c5 13. Nf3 Bc6 14. Nd2 a6 15.
f3 Qc7 16. Bf2 b5 17. Bg3 Nh5 18. Qe1 Ngf4 19. b3 Bf6 20. Bxf4 Bxc3 21. Bxd6
Qxd6 22. Rd1 Qf4 23. g3 Qe3+ 24. Rf2 Rad8 25. Bd3 Qxe1+ 26. Rxe1 0-1

[Event "O pohar mesta Klatov C - memorial Jarom"]
[Site "Klatovy, Czech Republic"]
[Date "2025.06.30"]
[Round "3.19"]
[White "Halla, Jiri"]
[Black "Navratilova, Alena"]
[Result "1/2-1/2"]
[WhiteElo "1843"]
[BlackElo "1755"]
[PlyCount "50"]
[EventDate "2025.??.??"]

1. e4 e6 2. d4 d5 3. exd5 exd5 4. Bd3 Be7 5. Bf4 Nf6 6. Nf3 O-O 7. Nbd2 Bg4 8.
O-O Nbd7 9. Re1 Re8 10. h3 Bh5 11. Nf1 Bg6 12. Ng3 Nf8 13. Nf5 Qd7 14. Ne5 Qd8
15. Bg5 Bxf5 16. Bxf5 g6 17. Bd3 Ne6 18. Be3 Bf8 19. f4 Bh6 20. Qf3 Ne4 21.
Bxe4 dxe4 22. Qxe4 f5 23. Qd3 Bxf4 24. Bxf4 Nxf4 25. Qb3+ Qd5 1/2-1/2

[Event "O pohar mesta Klatov C - memorial Jarom"]
[Site "Klatovy, Czech Republic"]
[Date "2025.06.30"]
[Round "3.20"]
[White "Novak, Vaclav"]
[Black "Truksa, Vaclav"]
[Result "1-0"]
[WhiteElo "1837"]
[BlackElo "1742"]
[PlyCount "139"]
[EventDate "2025.??.??"]

1. e4 c5 2. Nf3 d6 3. d4 cxd4 4. Nxd4 Nf6 5. Nc3 a6 6. a4 e5 7. Nf3 Be6 8. Be2
h6 9. h3 Nbd7 10. O-O Be7 11. Nd2 O-O 12. Bc4 Nc5 13. Re1 Rc8 14. Qe2 Qc7 15.
Nd5 Bxd5 16. Bxd5 Nxd5 17. exd5 Bg5 18. b3 f5 19. Nc4 Bxc1 20. Raxc1 b5 21.
axb5 axb5 22. Na3 b4 23. Nc4 Ne4 24. Ra1 Ra8 25. Qh5 Qc5 26. Qe2 Qd4 27. Rac1
Nc3 28. Qe3 Qxe3 29. fxe3 Ra6 30. Kh2 g5 31. Ra1 Rfa8 32. Rxa6 Rxa6 33. Rf1 f4
34. exf4 gxf4 35. g3 fxg3+ 36. Kxg3 Ne4+ 37. Kg4 Kg7 38. Rg1 Nf6+ 39. Kf5+ Kf7
40. Rg6 Nxd5 41. Nxe5+ Kf8 42. Re6 Kg7 43. Nc4 Ra2 44. Rxd6 Ne7+ 45. Ke6 Nc8
46. Rd7+ Kg6 47. Rd2 Ra6+ 48. Kd5 Nb6+ 49. Nxb6 Rxb6 50. Kc5 Rb8 51. Rd4 Rc8+
52. Kxb4 Rxc2 53. Ka4 Rc3 54. h4 Kf5 55. b4 Ke5 56. Rg4 Kf5 57. Rd4 Ke5 58. Rd8
Rc4 59. h5 Rh4 60. Rc8 Kd6 61. Rc5 Rh1 62. Kb5 Kd7 63. Kb6 Rh4 64. b5 Rh1 65.
Kb7 Rh2 66. b6 Rh1 67. Ra5 Rb1 68. Rf5 Ke6 69. Rc5 Kd7 70. Rc6 1-0

[Event "O pohar mesta Klatov C - memorial Jarom"]
[Site "Klatovy, Czech Republic"]
[Date "2025.06.30"]
[Round "3.21"]
[White "Malik, Zdenek"]
[Black "Tomecek, Marian"]
[Result "1-0"]
[WhiteElo "1715"]
[BlackElo "1566"]
[PlyCount "43"]
[EventDate "2025.??.??"]

1. e4 d5 2. exd5 Nf6 3. c4 c6 4. d4 cxd5 5. Nc3 dxc4 6. Bxc4 e6 7. Bg5 Be7 8.
Rc1 O-O 9. Nf3 Nbd7 10. O-O a6 11. Re1 Nb6 12. Bd3 Nbd5 13. Ne5 Nxc3 14. Rxc3
Bb4 15. Re3 Bxc3 16. bxc3 h6 17. Bxf6 Qxf6 18. Rf3 Qe7 19. Rg3 Qf6 20. Qh5 b5
21. Ng4 Qf4 22. Nxh6+ 1-0

[Event "O pohar mesta Klatov C - memorial Jarom"]
[Site "Klatovy, Czech Republic"]
[Date "2025.06.30"]
[Round "3.22"]
[White "Dobsinsky, Petr"]
[Black "Hanzlik, Jiri"]
[Result "1/2-1/2"]
[WhiteElo "1460"]
[BlackElo "1688"]
[PlyCount "47"]
[EventDate "2025.??.??"]

1. d4 d5 2. Nf3 Nc6 3. e3 Nf6 4. Bd3 Bg4 5. Nbd2 a6 6. c3 h6 7. e4 dxe4 8. Nxe4
e6 9. O-O Be7 10. h3 Bh5 11. Re1 Nh7 12. g4 Bg6 13. Qc2 O-O 14. Ng3 Bxd3 15.
Qxd3 Ng5 16. Bxg5 Bxg5 17. Nxg5 Qxg5 18. Ne4 Qd5 19. Qf3 Qd8 20. Nc5 Qc8 21.
Rad1 Rd8 22. d5 exd5 23. Rxd5 Rxd5 24. Qxd5 1/2-1/2

[Event "O pohar mesta Klatov C - memorial Jarom"]
[Site "Klatovy, Czech Republic"]
[Date "2025.06.30"]
[Round "3.23"]
[White "Slegl, Milan"]
[Black "Zimmermann, Ladislav"]
[Result "1-0"]
[WhiteElo "1639"]
[BlackElo "1517"]
[PlyCount "63"]
[EventDate "2025.??.??"]

1. d4 Nf6 2. c4 e6 3. Nc3 d5 4. e3 g6 5. Nf3 Nc6 6. a3 a6 7. b4 Bd7 8. Be2 Bg7
9. O-O Ne7 10. Ne5 O-O 11. Bb2 c6 12. cxd5 Nexd5 13. Bf3 Nxc3 14. Bxc3 Nd5 15.
Bb2 f6 16. Nxd7 Qxd7 17. Rc1 Ne7 18. Qb3 Rac8 19. Rfd1 Kh8 20. g3 f5 21. Bg2
Nd5 22. e4 fxe4 23. Bxe4 b5 24. Rd3 Bh6 25. Re1 Nb6 26. d5+ Bg7 27. dxe6 Qe7
28. Bxg7+ Kxg7 29. Bg2 Qf6 30. Rf3 Qd4 31. Qe3 Qxe3 32. Rfxe3 1-0